000 00268nam a2200121Ia 4500
008 190216s9999||||xx |||||||||||||| ||und||
100 _aIrfan Habib
245 4 _aThe Indus Civilization
260 _bThulika Books
300 _a110
650 _aHistory
942 _cBK
999 _c21145
_d21145